000 00274 a2200145 4500
001 160437
020 _a
040 _cMagnum
100 _a-
240 1 0 _aTopo, o minerador
_lpor
245 1 0 _aTopo, o minerador
362 0 _a1899
697 _aI/ANIMAIS
942 _cBK
999 _c160437
_d160437